[Event "NWFD Ch 2019 Men"]
[Site "St. Petersburg"]
[Date "2019.03.15"]
[Round "9.24"]
[White "Poklonskiy, Nikolay"]
[Black "Mikhailov, Stepan"]
[Result "1/2-1/2"]
[WhiteElo "1757"]
[BlackElo "1958"]
[PlyCount "110"]
[EventDate "2019.03.07"]

1. d4 d5 2. c4 e6 3. Nc3 Nf6 4. Nf3 Be7 5. e3 a6 6. Bd3 dxc4 7. Bxc4 O-O 8. O-O
b5 9. Bb3 Bb7 10. Bd2 Nbd7 11. Rc1 c5 12. dxc5 Nxc5 13. Bc2 Nd3 14. Bxd3 Qxd3
15. Qe2 Qg6 16. Rfe1 Rad8 17. Rcd1 Ng4 18. e4 Bc5 19. Rf1 Nf6 20. e5 Ng4 21.
Bf4 Qf5 22. Bg3 Bxf3 23. gxf3 Nh6 24. Ne4 Bb4 25. a3 Ba5 26. Nd6 Qh3 27. Nb7
Rxd1 28. Rxd1 Bc7 29. Rd7 Bb8 30. Qd1 f6 31. exf6 gxf6 32. Bxb8 Rxb8 33. Qd6
Rc8 34. Nc5 Qxf3 35. Qxe6+ Kh8 36. Rd3 Qg4+ 37. Qxg4 Nxg4 38. Nxa6 Rc2 39. Rb3
Nxf2 40. Rxb5 Nh3+ 41. Kf1 Rxh2 42. Nc7 Rc2 43. Nd5 f5 44. Rb7 f4 45. Nf6 Ng5
46. a4 Rc1+ 47. Kf2 Rc6 48. Nh5 Rc8 49. Nxf4 Ne4+ 50. Kg2 Nc5 51. Ra7 Rb8 52.
Nh5 h6 53. Nf6 Rb7 54. Rxb7 Nxb7 55. b4 Kg7 1/2-1/2

[Event "NWFD Ch 2019 Men"]
[Site "St. Petersburg"]
[Date "2019.03.15"]
[Round "9.25"]
[White "Trushnikov, Viacheslav"]
[Black "Chuklin, Alexey"]
[Result "1/2-1/2"]
[WhiteElo "1734"]
[BlackElo "1875"]
[PlyCount "54"]
[EventDate "2019.03.07"]

1. c4 e5 2. Nc3 Nf6 3. Nf3 e4 4. Ng5 c6 5. Ngxe4 Nxe4 6. Nxe4 d5 7. cxd5 cxd5
8. Ng3 Nc6 9. d4 Bb4+ 10. Bd2 Qa5 11. e3 O-O 12. a3 Bxd2+ 13. Qxd2 Qb6 14. Be2
Na5 15. Rb1 Bd7 16. O-O Rac8 17. b4 Nc4 18. Bxc4 dxc4 19. Qc3 Qa6 20. f4 b5 21.
f5 Rfe8 22. Rf4 f6 23. Re1 Re7 24. Ne4 Rce8 25. Nc5 Qd6 26. Rf2 Bc6 27. Rfe2
Be4 1/2-1/2